000 00742nam a2200253Ia 4500
003 OSt
005 20220928101915.0
006 a|||||r|||| 00| 0
007 ta
008 220927b |||||||| |||| 00| 0 eng d
020 _c5066.9899999999998
024 _a127140
037 _b3306, 16/10/2015, Ashutosh Technical Books
_cTextual
040 _aSDCL
_cSDCL
_beng
041 _2eng
_aeng
082 _aB281, Q5
100 _aKirkwood James R.
_9395712
245 0 _aMarkov processes
260 _aBoca Raton
_b CRC Press
_c2015
300 _a1-327p.
_ccm.
650 _aOperational Research
942 _hB281, Q5
_cTEXL
_2CC
999 _c711369
_d711369